| 000 | 00674cam a22001934a 4500 | ||
|---|---|---|---|
| 020 | _a0761933271 (hard back) | ||
| 020 | _a076193328X (paper back) | ||
| 040 | _cDLC | ||
| 082 | 0 | 0 | _a330 COM 2000 C336 Or. |
| 100 | 1 | _aMikkelsen, Britha. | |
| 245 | 1 | 0 |
_aMethods for development work and research : _ba new guide for practitioners / |
| 250 | _a2nd ed. | ||
| 260 |
_aNew Delhi ; _aThousand Oaks, Calif. : _bSAGE Publications, _c2005. |
||
| 300 |
_a373 p. : _bill. ; _c25 cm. |
||
| 650 | 0 | _aEconomic development | |
| 856 | 4 | 1 | _uhttp://www.loc.gov/catdir/toc/ecip054/2004028917.html |
| 856 | 4 | 2 | _uhttp://www.loc.gov/catdir/enhancements/fy0658/2004028917-d.html |
| 942 | _cAEDBB | ||
| 999 |
_c22057 _d22057 |
||